| 000 | 00576nam a2200169Ia 4500 | ||
|---|---|---|---|
| 008 | 180921t2018 xxu||||| |||| 00| 0 sin d | ||
| 041 | _asin | ||
| 080 |
_a294.3 _bKAT |
||
| 100 |
_a පරගස්තොට සුධම්ම හිමි _ecom. |
||
| 245 | _aකඨින මහා පිංකමේ ආනිසංස | ||
| 246 | _aKatina maha pinkame anisansa | ||
| 260 |
_bලක්නා මුද්රණාලය _aවාද්දූව _c2018 |
||
| 300 | _bපි.40, සෙ.මි.21 | ||
| 942 | _cBK | ||
| 999 |
_c2963 _d2963 |
||
| 003 | LK-CoDNM | ||
| 040 |
_aLK-CoDNM _dLK-CoDNM _eLK-CoDNM |
||